[Event "Mexican op 53rd"]
[Site "Aguascalientes"]
[Date "2007.04.04"]
[Round "2"]
[White "Perez Garcia, Rodney Oscar"]
[Black "Casillas Pellat, Jose de Jesus"]
[Result "1-0"]
[WhiteElo "2395"]
[BlackElo "2140"]
[PlyCount "51"]
[EventDate "2007.04.03"]
[EventType "swiss"]
[EventRounds "9"]
[EventCountry "MEX"]
[SourceTitle "CBM 117 Extra"]
[Source "ChessBase"]
[SourceDate "2007.05.09"]
[SourceVersion "1"]
[SourceVersionDate "2007.05.09"]
[SourceQuality "1"]

1. e4 e6 2. d4 d5 3. Nc3 dxe4 4. Nxe4 Nd7 5. Bd3 Ngf6 6. Qe2 Be7 7. Nxf6+ Nxf6 8. Nf3 0-0 9. Bg5 a5 10. 0-0-0 a4 11. a3 c6 12. h4 b5 13. Bxf6 Bxf6 14. Qe4 g6 15. Bxb5 cxb5 16. Qxa8 Qb6 17. Qe4 Bb7 18. Qf4 Bg7 19. Ne5 b4 20. Nd7 Qb5 21. Nxf8 Bxf8 22. axb4 Qxb4 23. Rh3 Bd5 24. Rc3 Bd6 25. Qf6 Qb7 26. Qd8+ 1-0

[Event "Fide Mercenarios-A"]
[Site "Mexico City"]
[Date "1999.??.??"]
[Round "1"]
[White "Casillas Pellat, Jose de Jesus"]
[Black "Ambrosio Gallardo, Felix"]
[Result "1-0"]
[WhiteElo "2150"]
[BlackElo "2051"]
[PlyCount "43"]
[EventDate "1999.??.??"]
[EventType "tourn"]
[EventRounds "11"]
[EventCountry "MEX"]
[SourceTitle "EXT 2001"]
[Source "ChessBase"]
[SourceDate "2000.11.22"]
[SourceVersion "1"]
[SourceVersionDate "2000.11.22"]
[SourceQuality "1"]

1. e4 Nf6 2. e5 Nd5 3. Nc3 Nxc3 4. bxc3 d6 5. f4 dxe5 6. fxe5 Qd5 7. d4 c5 8. Nf3 Bg4 9. Be2 Nc6 10. 0-0 cxd4 11. cxd4 e6 12. c3 Be7 13. Bg5 Bxf3 14. Bxf3 Qd7 15. Bf4 0-0 16. Be4 Rfd8 17. Rb1 Rac8 18. Rb2 Rc7 19. Rbf2 Rdc8 20. Qg4 Bf8 21. Rf3 Ne7 22. Bxh7+ 1-0

[Event "Fide Mercenarios 39th"]
[Site "Mexico City"]
[Date "1999.??.??"]
[Round "7"]
[White "Casillas Pellat, Jose de Jesus"]
[Black "Lopez Michelone, Manuel"]
[Result "1-0"]
[WhiteElo "2150"]
[BlackElo "2150"]
[PlyCount "63"]
[EventDate "1999.??.??"]
[EventType "tourn"]
[EventRounds "11"]
[EventCountry "MEX"]
[SourceTitle "EXT 2000"]
[Source "ChessBase"]
[SourceDate "1999.11.16"]
[SourceVersion "1"]
[SourceVersionDate "1999.11.16"]
[SourceQuality "1"]

1. e4 d5 2. exd5 Nf6 3. c4 e6 4. dxe6 Bxe6 5. Nc3 Nc6 6. Nf3 Bc5 7. Be2 Nd4 8. 0-0 0-0 9. d3 Qe7 10. Bg5 Rad8 11. Ne4 Nxf3+ 12. Bxf3 Bd4 13. Qe2 Rfe8 14. Rab1 Bf5 15. Rfe1 Qb4 16. a3 Qa5 17. Nxf6+ gxf6 18. Qxe8+ Rxe8 19. Rxe8+ Kg7 20. Be3 Be5 21. g4 Be6 22. Rd1 Bxc4 23. Be4 Bd6 24. Rd2 Be6 25. f3 b6 26. Kg2 Qa4 27. Ra8 Bxg4 28. Kh1 Bh5 29. h4 Bg6 30. h5 Bxe4 31. Rg2+ Bg6 32. h6# 1-0

[Event "Fide Mercenarios-A"]
[Site "Mexico City"]
[Date "1999.??.??"]
[Round "2"]
[White "Martin Del Campo C, Jorge Arturo"]
[Black "Casillas Pellat, Jose de Jesus"]
[Result "1/2-1/2"]
[WhiteElo "2281"]
[BlackElo "2150"]
[PlyCount "67"]
[EventDate "1999.??.??"]
[EventType "tourn"]
[EventRounds "11"]
[EventCountry "MEX"]
[SourceTitle "EXT 2001"]
[Source "ChessBase"]
[SourceDate "2000.11.22"]
[SourceVersion "1"]
[SourceVersionDate "2000.11.22"]
[SourceQuality "1"]

1. g3 c5 2. Bg2 Nc6 3. e4 g6 4. f4 Bg7 5. Nf3 d6 6. 0-0 Nf6 7. d3 Bg4 8. c3 0-0 9. Nbd2 b5 10. h3 Bd7 11. a4 b4 12. Kh2 Nh5 13. Qc2 Rb8 14. Nc4 Na5 15. Nxa5 Qxa5 16. Bd2 bxc3 17. bxc3 Rb6 18. e5 f5 19. c4 Qa6 20. a5 Rbb8 21. Bc3 Bc6 22. Rfe1 d5 23. cxd5 Bxd5 24. Rab1 Qc6 25. Qf2 a6 26. Nd2 Rb5 27. Nc4 Rd8 28. Rbd1 Bxg2 29. Qxg2 Qxg2+ 30. Kxg2 Rb3 31. Bd2 Rdxd3 32. Re3 h6 33. Rxd3 Rxd3 34. Ne3 1/2-1/2

[Event "Fide Mercenarios 2nd"]
[Site "Mexico City"]
[Date "1995.??.??"]
[Round "?"]
[White "Calderin Gonzalez, Roberto"]
[Black "Casillas Pellat, Jose de Jesus"]
[Result "1-0"]
[WhiteElo "2450"]
[BlackElo "2165"]
[PlyCount "87"]
[EventDate "1995.??.??"]
[EventType "tourn"]
[EventRounds "11"]
[EventCountry "MEX"]
[SourceTitle "EXT 2000"]
[Source "ChessBase"]
[SourceDate "1999.11.16"]
[SourceVersion "1"]
[SourceVersionDate "1999.11.16"]
[SourceQuality "1"]

1. d4 d5 2. Nf3 Nf6 3. c4 e6 4. Nc3 Be7 5. Bg5 0-0 6. Rc1 b6 7. e3 Bb7 8. cxd5 Nxd5 9. Bxe7 Qxe7 10. Nxd5 Bxd5 11. Bd3 f5 12. 0-0 c5 13. dxc5 bxc5 14. Re1 Nc6 15. e4 fxe4 16. Bxe4 Bxe4 17. Rxe4 Rad8 18. Qa4 Rxf3 19. Qxc6 Rfd3 20. Rce1 Rd1 21. g3 Qd6 22. Qxd6 R8xd6 23. Rxe6 Rxe1+ 24. Rxe1 Rd2 25. Rb1 Kf7 26. Kg2 g5 27. Kf3 Kf6 28. a3 Ke5 29. Re1+ Kd6 30. Re2 g4+ 31. Ke3 Rxe2+ 32. Kxe2 Kd5 33. f4 gxf3+ 34. Kxf3 a5 35. Ke3 Kc4 36. Kd2 a4 37. g4 Kd4 38. Kc2 Ke3 39. Kc3 Kf4 40. b4 axb3 41. Kxb3 Kxg4 42. a4 Kf5 43. a5 Ke4 44. Kc4 1-0

[Event "Fide Mercenarios 7th"]
[Site "Mexico City"]
[Date "1995.??.??"]
[Round "3"]
[White "Calderin Gonzalez, Roberto"]
[Black "Casillas Pellat, Jose de Jesus"]
[Result "1/2-1/2"]
[WhiteElo "2445"]
[BlackElo "2175"]
[PlyCount "149"]
[EventDate "1995.??.??"]
[EventType "tourn"]
[EventRounds "9"]
[EventCountry "MEX"]
[SourceTitle "EXT 2000"]
[Source "ChessBase"]
[SourceDate "1999.11.16"]
[SourceVersion "1"]
[SourceVersionDate "1999.11.16"]
[SourceQuality "1"]

1. d4 d5 2. Nf3 c6 3. c4 e6 4. Nc3 f5 5. g3 Nf6 6. Bg2 Bd6 7. 0-0 0-0 8. Bg5 Nbd7 9. Qb3 h6 10. Bxf6 Nxf6 11. Nd2 Qb6 12. c5 Qxb3 13. axb3 Bc7 14. f4 Bd7 15. b4 a6 16. Nb3 Be8 17. Na5 Rb8 18. e3 Ne4 19. Nxe4 fxe4 20. Bh3 Rf6 21. Bg4 Bg6 22. Kg2 Kf7 23. h4 h5 24. Be2 Bxa5 25. bxa5 Ke7 26. Kh2 Rh8 27. Ra4 Rff8 28. Rb4 Rb8 29. g4 hxg4 30. Kg3 Bf5 31. Bxg4 Bxg4 32. Kxg4 Kf6 33. Rg1 g6 34. Kh3 Rh7 35. Rg4 Rg8 36. Kg3 Rgg7 37. Rb3 Re7 38. Rc3 Reg7 39. Rc1 Re7 40. Rg1 Reg7 41. Kf2 Rh6 42. Ke2 Rhh7 43. Kd2 Rh6 44. Kc3 Rhh7 45. b3 Rh6 46. b4 Rhh7 47. b5 cxb5 48. Kb4 Rh8 49. c6 bxc6 50. Kc5 Ke7 51. Rxg6 Rxg6 52. Rxg6 Rxh4 53. Rg7+ Kf6 54. Rg1 Rh3 55. Re1 Rh2 56. Kb6 Kf5 57. Kxa6 Kg4 58. Rf1 Re2 59. Kb7 Rxe3 60. Ra1 Kxf4 61. a6 Rh3 62. a7 Rh8 63. Kxc6 e3 64. a8Q Rxa8 65. Rxa8 e2 66. Ra1 b4 67. Kb5 b3 68. Kb4 Ke3 69. Kc3 b2 70. Re1 e5 71. dxe5 d4+ 72. Kxb2 d3 73. e6 d2 74. Rxe2+ Kxe2 75. e7 1/2-1/2

[Event "Fide Mercenarios 4th"]
[Site "Mexico City"]
[Date "1995.??.??"]
[Round "7"]
[White "Casillas Pellat, Jose de Jesus"]
[Black "Calderin Gonzalez, Roberto"]
[Result "0-1"]
[WhiteElo "2175"]
[BlackElo "2445"]
[PlyCount "78"]
[EventDate "1995.??.??"]
[EventType "tourn"]
[EventRounds "11"]
[EventCountry "MEX"]
[SourceTitle "EXT 2000"]
[Source "ChessBase"]
[SourceDate "1999.11.16"]
[SourceVersion "1"]
[SourceVersionDate "1999.11.16"]
[SourceQuality "1"]

1. e4 c5 2. Nf3 Nc6 3. c4 d6 4. d4 cxd4 5. Nxd4 e5 6. Nc2 Be7 7. Nc3 Be6 8. Be2 Bg5 9. Nb5 Be7 10. f4 a6 11. Nc3 exf4 12. Bxf4 Nf6 13. 0-0 0-0 14. Kh1 Rc8 15. Qe1 Ne5 16. b3 b5 17. cxb5 Qc7 18. Bd2 Nxe4 19. Nxe4 Qxc2 20. Bd1 Qd3 21. bxa6 Bd5 22. Nc3 Bh4 23. Be2 Bxg2+ 24. Kxg2 Qg6+ 25. Kh1 Bxe1 26. Raxe1 Qc2 27. Nb1 Qc6+ 28. Kg1 Qb6+ 29. Kh1 Rc2 30. a4 Qc6+ 31. Kg1 Qc5+ 32. Rf2 Qd4 33. Bd1 Nd3 34. Be3 Qb4 35. Ree2 Rxe2 36. Rxe2 Re8 37. Kf1 Qg4 38. Bf2 Rxe2 39. Bxe2 Qf5 0-1

[Event "Fide Mercenarios 4th"]
[Site "Mexico City"]
[Date "1995.??.??"]
[Round "1"]
[White "Casillas Pellat, Jose de Jesus"]
[Black "Garcia, J."]
[Result "1/2-1/2"]
[WhiteElo "2175"]
[BlackElo "2225"]
[PlyCount "162"]
[EventDate "1995.??.??"]
[EventType "tourn"]
[EventRounds "11"]
[EventCountry "MEX"]
[SourceTitle "EXT 2000"]
[Source "ChessBase"]
[SourceDate "1999.11.16"]
[SourceVersion "1"]
[SourceVersionDate "1999.11.16"]
[SourceQuality "1"]

1. e4 c5 2. Nf3 d6 3. d4 cxd4 4. Nxd4 Nf6 5. Nc3 Nc6 6. Be2 e5 7. Nb3 Be6 8. f4 Be7 9. 0-0 0-0 10. Kh1 a5 11. f5 Bxb3 12. axb3 Nb4 13. Bc4 Kh8 14. Be3 Rc8 15. Rf2 b5 16. Bxb5 d5 17. exd5 Nfxd5 18. Nxd5 Nxd5 19. Ba7 Qc7 20. Rd2 Nf6 21. Bg1 e4 22. Bd4 Rfd8 23. Qe2 Rd5 24. Bxf6 Rxd2 25. Qxd2 Bxf6 26. Bc4 Bxb2 27. Rxa5 e3 28. Qe1 Rd8 29. Rd5 Rxd5 30. Bxd5 Qf4 31. Bf3 Be5 32. Kg1 h5 33. h3 Bd6 34. Qd1 h4 35. Kf1 Qg3 36. Qe1 Qf4 37. Qd1 Kh7 38. Qd5 Qg3 39. Ke2 Qf2+ 40. Kd3 Qd2+ 41. Ke4 Qxc2+ 42. Kxe3 Qc3+ 43. Qd3 Bf4+ 44. Ke2 Qb2+ 45. Kd1 Qc1+ 46. Ke2 Kh6 47. Bd5 f6 48. Be6 Qb2+ 49. Kf3 Bg3 50. Qe3+ Kh7 51. Bf7 Be5 52. Bg6+ Kg8 53. Qd3 Qc3 54. Qxc3 Bxc3 55. Kg4 Be1 56. Be8 Kf8 57. Bc6 Ke7 58. Kh5 Kf8 59. Bd5 Ke7 60. Kg6 Kf8 61. Bc4 Bb4 62. Kh5 Be1 63. Bd5 Ke7 64. Bc4 Kf8 65. Kg4 Ke7 66. Kf4 Kd6 67. Ke4 Bc3 68. Kf4 Be1 69. Bg8 Bb4 70. Bf7 Be1 71. Bc4 Bd2+ 72. Kg4 Be1 73. b4 Bxb4 74. Kxh4 Ke7 75. Kh5 Kf8 76. g4 Bd2 77. h4 Bf4 78. Kg6 Bg3 79. Kh5 Bf4 80. Bd5 Be3 81. Kg6 Bf2 1/2-1/2

[Event "Fide Mercenarios 4th"]
[Site "Mexico City"]
[Date "1995.??.??"]
[Round "3"]
[White "Casillas Pellat, Jose de Jesus"]
[Black "Lopez, Manuel"]
[Result "1/2-1/2"]
[WhiteElo "2175"]
[BlackElo "2230"]
[PlyCount "94"]
[EventDate "1995.??.??"]
[EventType "tourn"]
[EventRounds "11"]
[EventCountry "MEX"]
[SourceTitle "EXT 2000"]
[Source "ChessBase"]
[SourceDate "1999.11.16"]
[SourceVersion "1"]
[SourceVersionDate "1999.11.16"]
[SourceQuality "1"]

1. e4 d5 2. exd5 Nf6 3. d4 Nxd5 4. c4 Nb6 5. Nf3 g6 6. h3 Bg7 7. Be3 0-0 8. Nc3 Nc6 9. Qd2 e5 10. d5 Ne7 11. g4 f5 12. 0-0-0 fxg4 13. Ng5 Nf5 14. hxg4 Nxe3 15. Qxe3 Rf4 16. Ne6 Bxe6 17. dxe6 Rd4 18. Bd3 Qe7 19. Qh3 h6 20. g5 h5 21. Rdg1 Nxc4 22. Bxg6 Qb4 23. Na4 h4 24. Rg4 Rad8 25. Rxd4 Rxd4 26. Bf7+ Kf8 27. Qf5 Ke7 28. Qg6 Nd6 29. a3 Qd2+ 30. Kb1 Nf5 31. Qxf5 Rxa4 32. Qg6 Qe2 33. Rc1 c6 34. Qxg7 Qd3+ 35. Rc2 Qd1+ 36. Ka2 Rxa3+ 37. Kxa3 Qd3+ 38. Rc3 Qa6+ 39. Kb3 Qb5+ 40. Ka2 Qa4+ 41. Ra3 Qc4+ 42. Rb3 Qa4+ 43. Kb1 Qe4+ 44. Kc1 Qe1+ 45. Kc2 Qxf2+ 46. Kd3 Qf3+ 47. Kd2 Qf2+ 1/2-1/2

[Event "Fide Mercenarios 2nd"]
[Site "Mexico City"]
[Date "1995.??.??"]
[Round "?"]
[White "Casillas Pellat, Jose de Jesus"]
[Black "Norgaard, Jesper"]
[Result "0-1"]
[WhiteElo "2165"]
[BlackElo "2330"]
[PlyCount "78"]
[EventDate "1995.??.??"]
[EventType "tourn"]
[EventRounds "11"]
[EventCountry "MEX"]
[SourceTitle "EXT 2000"]
[Source "ChessBase"]
[SourceDate "1999.11.16"]
[SourceVersion "1"]
[SourceVersionDate "1999.11.16"]
[SourceQuality "1"]

1. d4 Nf6 2. c4 g6 3. Nf3 Bg7 4. g3 0-0 5. Bg2 d6 6. Nc3 Nc6 7. 0-0 a6 8. h3 Rb8 9. d5 Na5 10. Qd3 c5 11. e4 b5 12. Nd2 Bd7 13. Rb1 bxc4 14. Nxc4 Nxc4 15. Qxc4 Bb5 16. Nxb5 axb5 17. Qe2 b4 18. b3 Qa5 19. Bb2 Qxa2 20. Ra1 Qxb3 21. e5 Nd7 22. Rfb1 Ra8 23. Rxa8 Rxa8 24. e6 Ne5 25. f4 Qd3 26. Qe1 Nf3+ 27. Bxf3 Bxb2 28. exf7+ Kf8 29. Bg4 Bc3 30. Rd1 Ra1 31. Rxd3 Rxe1+ 32. Kf2 Rc1 33. Rd1 Rc2+ 34. Ke3 Bd4+ 35. Ke4 Kxf7 36. Be6+ Kg7 37. g4 b3 38. Rd3 b2 39. Rb3 Rc3 0-1

[Event "Fide Mercenarios 2nd"]
[Site "Mexico City"]
[Date "1995.??.??"]
[Round "?"]
[White "Casillas Pellat, Jose de Jesus"]
[Black "Ruiz, Guillermo"]
[Result "1-0"]
[WhiteElo "2165"]
[BlackElo "2230"]
[PlyCount "121"]
[EventDate "1995.??.??"]
[EventType "tourn"]
[EventRounds "11"]
[EventCountry "MEX"]
[SourceTitle "EXT 2000"]
[Source "ChessBase"]
[SourceDate "1999.11.16"]
[SourceVersion "1"]
[SourceVersionDate "1999.11.16"]
[SourceQuality "1"]

1. e4 c5 2. Nf3 Nc6 3. Bb5 g6 4. 0-0 Bg7 5. Re1 Nf6 6. c3 a6 7. Bf1 0-0 8. d4 cxd4 9. e5 Nd5 10. cxd4 d6 11. h3 b5 12. Bg5 Be6 13. Nbd2 Rc8 14. a3 dxe5 15. dxe5 Qb6 16. Rc1 Rfd8 17. Qe2 h6 18. Bh4 Bf5 19. g4 Be6 20. Qe4 b4 21. Bg3 bxa3 22. Nc4 Qa7 23. bxa3 a5 24. Bd3 Qd7 25. Red1 a4 26. Bb1 Qb7 27. Ba2 Qb5 28. Kh2 Kh7 29. Qe1 Qa6 30. Nfd2 Nd4 31. Qe4 Nb3 32. Nxb3 axb3 33. Bxb3 Nc3 34. Rxc3 Rxd1 35. Bxd1 Bxc4 36. Qc2 Be6 37. Rxc8 Bxc8 38. Be2 Qa8 39. Bd3 Be6 40. a4 Qd5 41. f4 Bd7 42. Bc4 Qf3 43. Qb3 Bc6 44. Qxf3 Bxf3 45. Bxf7 Bf8 46. Bh4 Kg7 47. Be6 g5 48. fxg5 hxg5 49. Bxg5 Kg6 50. h4 Bg7 51. Kg3 Bc6 52. Kf4 Bxa4 53. h5+ Kh7 54. Bxe7 Bd1 55. Bf6 Bf8 56. Bf7 Ba3 57. g5 Bc1+ 58. Ke4 Bc2+ 59. Kd4 Bb2+ 60. Ke3 Bf5 61. g6+ 1-0

[Event "Fide Mercenarios 7th"]
[Site "Mexico City"]
[Date "1995.??.??"]
[Round "6"]
[White "Casillas Pellat, Jose de Jesus"]
[Black "Ruiz, Guillermo"]
[Result "0-1"]
[WhiteElo "2175"]
[BlackElo "2235"]
[PlyCount "52"]
[EventDate "1995.??.??"]
[EventType "tourn"]
[EventRounds "9"]
[EventCountry "MEX"]
[SourceTitle "EXT 2000"]
[Source "ChessBase"]
[SourceDate "1999.11.16"]
[SourceVersion "1"]
[SourceVersionDate "1999.11.16"]
[SourceQuality "1"]

1. e4 c5 2. Nf3 Nc6 3. Nc3 g6 4. d4 cxd4 5. Nxd4 Bg7 6. Be3 Nf6 7. Be2 0-0 8. 0-0 d5 9. Nxc6 bxc6 10. e5 Nd7 11. f4 e6 12. Bf2 c5 13. g4 Rb8 14. Rb1 Bb7 15. Bf3 g5 16. fxg5 Qxg5 17. Kg2 Bxe5 18. Qe2 Kh8 19. Rh1 f5 20. h4 Qf4 21. g5 d4 22. Bxb7 Rxb7 23. Na4 d3 24. cxd3 Qxa4 25. Bxc5 Qc6+ 26. Qf3 Qxf3+ 0-1

[Event "Fide Mercenarios 4th"]
[Site "Mexico City"]
[Date "1995.??.??"]
[Round "6"]
[White "Martin Del Campo C, Jorge Arturo"]
[Black "Casillas Pellat, Jose de Jesus"]
[Result "1-0"]
[WhiteElo "2215"]
[BlackElo "2175"]
[PlyCount "69"]
[EventDate "1995.??.??"]
[EventType "tourn"]
[EventRounds "11"]
[EventCountry "MEX"]
[SourceTitle "EXT 2000"]
[Source "ChessBase"]
[SourceDate "1999.11.16"]
[SourceVersion "1"]
[SourceVersionDate "1999.11.16"]
[SourceQuality "1"]

1. d4 d5 2. c4 c6 3. Nf3 Bf5 4. Nc3 e6 5. cxd5 exd5 6. Bf4 Nf6 7. h3 Nbd7 8. g4 Bg6 9. Nh4 Be4 10. f3 Nh5 11. Ng2 Nxf4 12. Nxf4 Qh4+ 13. Kd2 Bg6 14. e3 Bd6 15. Nxg6 hxg6 16. Rc1 0-0-0 17. Kc2 Rhe8 18. Qd2 Nb6 19. Kb1 Qg5 20. Nd1 Qf6 21. Be2 g5 22. a4 Qe7 23. Qc2 Bb4 24. Qb3 Kb8 25. Rc2 a5 26. Bd3 Ka7 27. Re2 Qf6 28. Rf2 Nc8 29. f4 Nd6 30. Rhf1 Rd7 31. Qc2 Rde7 32. Rf3 Qh6 33. f5 Qf6 34. R1f2 Ne4 35. Re2 1-0

[Event "Fide Mercenarios 7th"]
[Site "Mexico City"]
[Date "1995.??.??"]
[Round "5"]
[White "Martin Del Campo C, Jorge Arturo"]
[Black "Casillas Pellat, Jose de Jesus"]
[Result "0-1"]
[WhiteElo "2215"]
[BlackElo "2175"]
[PlyCount "80"]
[EventDate "1995.??.??"]
[EventType "tourn"]
[EventRounds "9"]
[EventCountry "MEX"]
[SourceTitle "EXT 2000"]
[Source "ChessBase"]
[SourceDate "1999.11.16"]
[SourceVersion "1"]
[SourceVersionDate "1999.11.16"]
[SourceQuality "1"]

1. d4 e6 2. c4 d5 3. Nc3 c6 4. Nf3 f5 5. g3 Nf6 6. Bg2 Bd6 7. Qb3 Nbd7 8. 0-0 0-0 9. Ng5 Qe7 10. cxd5 exd5 11. e4 fxe4 12. Ngxe4 Nxe4 13. Nxe4 Bc7 14. Bd2 a5 15. a3 Kh8 16. Ng5 Nb6 17. Rae1 Qf6 18. Nf3 Nc4 19. Bg5 Qg6 20. a4 Bg4 21. Bc1 Rab8 22. Ne5 Nxe5 23. dxe5 Bf5 24. f4 b5 25. axb5 Rxb5 26. Qa3 Rfb8 27. Kh1 Rb3 28. Qe7 Bb6 29. Qd6 Qxd6 30. exd6 Bc5 31. Re5 g6 32. Rfe1 Bxd6 33. Re8+ Rxe8 34. Rxe8+ Kg7 35. Bd2 Bb4 36. Be3 Kf7 37. Re5 Bd6 38. Rxd5 Rxe3 39. Rxd6 Re1+ 40. Bf1 Bh3 0-1

[Event "Fide Mercenarios 4th"]
[Site "Mexico City"]
[Date "1995.??.??"]
[Round "11"]
[White "Ruiz, Guillermo"]
[Black "Casillas Pellat, Jose de Jesus"]
[Result "1-0"]
[WhiteElo "2235"]
[BlackElo "2175"]
[PlyCount "57"]
[EventDate "1995.??.??"]
[EventType "tourn"]
[EventRounds "11"]
[EventCountry "MEX"]
[SourceTitle "EXT 2000"]
[Source "ChessBase"]
[SourceDate "1999.11.16"]
[SourceVersion "1"]
[SourceVersionDate "1999.11.16"]
[SourceQuality "1"]

1. e4 e6 2. d4 d5 3. e5 c5 4. c3 Bd7 5. Nf3 Qb6 6. Be2 Nc6 7. 0-0 Rc8 8. dxc5 Bxc5 9. b4 Be7 10. a4 a5 11. b5 Na7 12. Nd4 f6 13. f4 Nh6 14. Bd3 0-0 15. Be3 Bc5 16. exf6 Rxf6 17. Nd2 Rcf8 18. Qe2 Nc8 19. N2f3 Nf5 20. Ne5 Be8 21. Bxf5 exf5 22. Qf3 Qd8 23. Rad1 Bb6 24. Nc2 Ne7 25. c4 Bxe3+ 26. Nxe3 Qb6 27. cxd5 Rh6 28. d6 Rxd6 29. N5c4 1-0

[Event "Fide Mercenarios 7th"]
[Site "Mexico City"]
[Date "1995.??.??"]
[Round "7"]
[White "Russek Libni, Guil"]
[Black "Casillas Pellat, Jose de Jesus"]
[Result "1-0"]
[WhiteElo "2350"]
[BlackElo "2175"]
[PlyCount "40"]
[EventDate "1995.??.??"]
[EventType "tourn"]
[EventRounds "9"]
[EventCountry "MEX"]
[SourceTitle "EXT 2000"]
[Source "ChessBase"]
[SourceDate "1999.11.16"]
[SourceVersion "1"]
[SourceVersionDate "1999.11.16"]
[SourceQuality "1"]

1. e4 e6 2. d4 d5 3. Nc3 Nf6 4. Bg5 Bb4 5. e5 h6 6. Bd2 Bxc3 7. bxc3 Ne4 8. Qg4 Kf8 9. Bc1 c5 10. Bd3 Qa5 11. Ne2 cxd4 12. 0-0 f5 13. exf6 Nxf6 14. Qg3 Nc6 15. cxd4 Ne7 16. a4 Rg8 17. Be3 Kf7 18. Rfe1 Bd7 19. Nf4 Rae8 20. Rab1 Kf8 1-0

[Event "Merida 20th"]
[Site "Merida"]
[Date "1994.??.??"]
[Round "?"]
[White "Casillas Pellat, Jose de Jesus"]
[Black "Pla, Silvio"]
[Result "0-1"]
[WhiteElo "2105"]
[BlackElo "2260"]
[PlyCount "61"]
[EventDate "1994.??.??"]
[EventType "swiss"]
[EventRounds "9"]
[EventCountry "MEX"]
[SourceTitle "EXT 2005"]
[Source "ChessBase"]
[SourceDate "2004.11.15"]
[SourceVersion "1"]
[SourceVersionDate "2004.11.15"]
[SourceQuality "1"]

1. e4 c5 2. Nf3 Nc6 3. Bb5 g6 4. 0-0 Bg7 5. Re1 Nf6 6. c3 0-0 7. d4 cxd4 8. cxd4 d5 9. e5 Ne4 10. Nc3 Nxc3 11. bxc3 Na5 12. Ba3 Bd7 13. Qa4 Bxb5 14. Qxb5 Nc4 15. Bc1 Qa5 16. Qxb7 Qxc3 17. Bf4 e6 18. Qe7 h6 19. Rab1 g5 20. Rec1 Qa5 21. Bxg5 hxg5 22. Nxg5 Qd8 23. Rb7 Qxe7 24. Rxe7 Bh6 25. f4 Bxg5 26. fxg5 Rfe8 27. Rb7 Reb8 28. Rc7 Rc8 29. Re7 Kf8 30. Rd7 Ke8 31. Rb7 0-1